000 00291nam a2200121Ia 4500
008 220204s9999 xx 000 0 und d
082 _a677.4
_bZIA
100 _aZiabicki, A
245 0 _aFundamentals of fibre formation
260 _aNew York
_bWiley
_c1976
650 _aFibres
942 _cBK
999 _c25201
_d25201